Clubs de Championship (2024-2025) - Statistiques

Statistiques générales
  • Ce quiz a été pris 37 fois
  • Le résultat moyen est 14 sur 24
Statistiques - réponses
Championship % Correct
Championship Burnley
90%
Championship Leeds United
90%
Championship Sunderland
83%
Championship Sheffield United
77%
Championship Luton Town
73%
Championship Norwich
70%
Championship Sheffield Wednesday
70%
Championship Plymouth Argyle
63%
Championship Watford
63%
Championship Queens Park Rangers
60%
Championship Cardiff
57%
Championship West Bromwich Albion
57%
Championship Hull City
53%
Championship Stoke City
53%
Championship Blackburn Rovers
50%
Championship Swansea
50%
Championship Derby County
47%
Championship Milwall
43%
Championship Bristol City
40%
Championship Portsmouth
40%
Championship Preston North End
40%
Championship Coventry
37%
Championship Oxford United
37%
Championship Middlesbrough
30%
Aucun quiz correspondant
Distribution des résultats
% des personnes avec chaque résultat
Percentile par nombre de réponses
Votre historique - résultats
Vous n’avez pas pris ce quiz